| 000 | 00808nam a2200253Ia 4500 | ||
|---|---|---|---|
| 003 | OSt | ||
| 005 | 20220925222316.0 | ||
| 006 | a|||||r|||| 00| 0 | ||
| 007 | ta | ||
| 008 | 220923b |||||||| |||| 00| 0 eng d | ||
| 020 |
_a9781137007186 _c2726.3449999999998 |
||
| 037 |
_b5262, 08/08/2014, RAJKIRAN BOOK AGENCY _cGeneral Book |
||
| 040 |
_aRTL _cRTL _beng |
||
| 041 |
_2eng _aeng |
||
| 082 | _aY:45:61, L8;Q3/TD | ||
| 100 |
_aHALL Stuart _9106481 |
||
| 245 | 0 |
_aPolicing the crisis _b Mugging, the state and law and order |
|
| 250 | _a2nd | ||
| 260 |
_aLondon _bPalgrave Macmillan _c2013 |
||
| 300 |
_axviii, 451p _ccm. |
||
| 650 | _aSociology | ||
| 942 |
_hY:45:61, L8;Q3/TD _cGB _2CC |
||
| 999 |
_c576656 _d576656 |
||